|
|
|
|
| LEADER |
00000nam0a2200000 4500 |
| 001 |
285719 |
| 005 |
20231101235824.0 |
| 020 |
|
|
|a RU
|b 85-45027
|
| 035 |
|
|
|a (RuTPU)RU\TPU\book\309977
|
| 090 |
|
|
|a 285719
|
| 100 |
|
|
|a 20150227d1985 k y0rusy5003 ca
|
| 101 |
0 |
|
|a rus
|
| 102 |
|
|
|a RU
|
| 105 |
|
|
|a a z 001zy
|
| 200 |
1 |
|
|a Техника проводного вещания и звукоусиления
|f Б. К. Барановский [и др.]
|g под ред. В. Б. Булгака ; А. П. Ефимова
|
| 210 |
|
|
|a Москва
|c Радио и связь
|d 1985
|
| 215 |
|
|
|a 288 с.
|c ил.
|
| 320 |
|
|
|a Библиогр.: с. 278-283
|
| 320 |
|
|
|a Основные сокращения: с. 284-285
|
| 606 |
|
|
|a Радиовещание
|x Качество звукопередачи
|2 stltpush
|3 (RuTPU)RU\TPU\subj\22524
|9 47271
|
| 610 |
1 |
|
|a проводное вещание
|
| 610 |
1 |
|
|a узлообразование
|
| 610 |
1 |
|
|a передачи
|
| 610 |
1 |
|
|a звучание
|
| 610 |
1 |
|
|a станционные устройства
|
| 610 |
1 |
|
|a линейные сооружения
|
| 610 |
1 |
|
|a приемные устройства
|
| 610 |
1 |
|
|a программы
|
| 610 |
1 |
|
|a усилительные станции
|
| 610 |
1 |
|
|a контроль
|
| 610 |
1 |
|
|a измерение
|
| 610 |
1 |
|
|a дистанционное управление
|
| 610 |
1 |
|
|a автоматизация
|
| 610 |
1 |
|
|a стереофоническое вещание
|
| 610 |
1 |
|
|a технико-экономические характеристики
|
| 610 |
1 |
|
|a аппаратура
|
| 675 |
|
|
|a 621.396.97
|v 3
|
| 701 |
|
1 |
|a Барановский
|b Б. К.
|g Борис Константинович
|
| 701 |
|
1 |
|a Булгак
|b В. Б.
|g Владимир Борисович
|
| 701 |
|
1 |
|a Верба
|b В. И.
|g Владимир Ильич
|
| 701 |
|
1 |
|a Возлинский
|b Ю. А.
|
| 702 |
|
1 |
|a Булгак
|b В. Б.
|g Владмир Борисович
|4 340
|
| 702 |
|
1 |
|a Ефимов
|b А. П.
|4 340
|
| 801 |
|
0 |
|a RU
|b RuMRKP
|c 19950704
|g psbo
|
| 801 |
|
1 |
|a RU
|b 63413507
|c 20150227
|
| 801 |
|
2 |
|a RU
|b 63413507
|c 20171214
|g RCR
|
| 942 |
|
|
|c BK
|